000 00737cam a2200229 a 4500
001 000009425
003 UkOxU
005 20200929161605.0
008 761119s1974 ve 001 f spa d
035 _a(OCoLC)ocm02569777
040 _aDO-SdBNP
_bspa
_cCSU
_dBNPHU
082 _aVe863.42
_bA773p
100 1 _aArráiz, Antonio,
_d1903-1962.
_95024
245 1 0 _aPuros hombres :
_bnovela /
_cAntonio Arráiz.
260 _aCaracas, (Venezuela) :
_bMonte Avila Editores,
_c1974.
300 _aVIII, 219 p. ;
_c16 cm.
490 1 _aBiblioteca Popular el El Dorado
_v1
650 4 _aNovela venezolana
_93962
650 4 _aLiteratura venezuela
_98897
830 0 _aBiblioteca Popular el El Dorado ;
_v1
_924218
910 _aCatalogación derivada
999 _c9185
_d9185